Chansons de Jean-Jacques Goldman - Statistiques

Statistiques générales
  • Ce quiz a été pris 282 fois
  • Le résultat moyen est 43 sur 108
Statistiques - réponses
Groupe Titre % Correct
Positif 1 Envole-moi
85%
Jean-Jacques Goldman (Minoritaire) 6 Quand la musique est bonne
79%
Non homologué 10 Je marche seul
77%
Non homologué 2 Je te donne
77%
Non homologué 6 Pas toi
72%
Entre gris clair et gris foncé 5 Là-bas
71%
Entre gris clair et gris foncé 12 Elle a fait un bébé toute seule
70%
Chansons pour les pieds 5 Tournent les violons
70%
Positif 7 Encore un matin
69%
Non homologué 4 La vie par procuration
69%
Jean-Jacques Goldman (Minoritaire) 2 Comme toi
65%
Entre gris clair et gris foncé 2 Il changeait la vie
64%
Jean-Jacques Goldman (démodé) 5 Il suffira d'un signe
64%
Rouge 6 Rouge
64%
Fredericks Goldman Jones 8 À nos actes manqués
61%
Entre gris clair et gris foncé 9 Puisque tu pars
61%
Entre gris clair et gris foncé 4 Entre gris clair et gris foncé
60%
En passant 10 On ira
60%
Jean-Jacques Goldman (Minoritaire) 1 Au bout de mes rêves
58%
Fredericks Goldman Jones 3 Né en 17 à Leidenstadt
56%
En passant 11 En passant
53%
Non homologué 3 Famille
51%
Rouge 5 Juste après
50%
Fredericks Goldman Jones 4 Un, deux, trois
50%
En passant 2 Bonne idée
48%
En passant 1 Sache que je
47%
Jean-Jacques Goldman (Minoritaire) 10 Minoritaire
46%
Chansons pour les pieds 12 Les Choses
45%
Fredericks Goldman Jones 5 Nuit
45%
Chansons pour les pieds 1 Ensemble
44%
Entre gris clair et gris foncé 6 C'est ta chance
42%
Non homologué 11 Confidentiel
42%
Entre gris clair et gris foncé 17 Il y a
42%
En passant 7 Nos mains
42%
Positif 4 Petite Fille
42%
En passant 5 Le Coureur
41%
Jean-Jacques Goldman (démodé) 4 Pas l'indifférence
40%
Entre gris clair et gris foncé 18 Peur de rien blues
40%
Fredericks Goldman Jones 1 C'est pas d'l'amour
39%
Jean-Jacques Goldman (démodé) 10 Le Rapt
39%
Jean-Jacques Goldman (Minoritaire) 5 Veiller tard
39%
Non homologué 8 Elle attend
38%
Chansons pour les pieds 2 Et l'on n'y peut rien
38%
Jean-Jacques Goldman (Minoritaire) 7 Je ne vous parlerai pas d'elle
38%
En passant 9 Les Murailles
38%
Non homologué 1 Compte pas sur moi
37%
Entre gris clair et gris foncé 1 À quoi tu sers ?
36%
Positif 5 Dors bébé, dors
36%
Entre gris clair et gris foncé 10 Filles faciles
36%
Positif 8 Long Is the Road (Américain)
36%
En passant 8 Natacha
36%
Chansons pour les pieds 3 Poussière
36%
Non homologué 7 Bienvenue sur mon boulevard
35%
Chansons pour les pieds 10 Je voudrais vous revoir
35%
Positif 2 Nous ne nous parlerons pas
35%
Jean-Jacques Goldman (démodé) 1 À l'envers
34%
Non homologué 9 Délires schizo-maniaco-psychotiques
34%
Jean-Jacques Goldman (Minoritaire) 4 Jeanine médicament blues
34%
Entre gris clair et gris foncé 11 Je commence demain
34%
Chansons pour les pieds 11 Les P'tits Chapeaux
34%
En passant 3 Tout était dit
34%
Entre gris clair et gris foncé 3 Tout petit monde
34%
Chansons pour les pieds 8 C'est pas vrai
33%
Chansons pour les pieds Cachée La vie c'est mieux quand on est amoureux
33%
Jean-Jacques Goldman (Minoritaire) 11 Quand la bouteille est vide
33%
Jean-Jacques Goldman (démodé) 3 Brouillard
32%
Rouge 9 Des vies
32%
Jean-Jacques Goldman (démodé) 8 Quelque chose de bizarre
32%
Positif 9 Ton autre chemin
32%
Entre gris clair et gris foncé 15 Doux
31%
Fredericks Goldman Jones 9 Peurs
31%
Jean-Jacques Goldman (Minoritaire) 8 Être le premier
30%
Rouge 8 Frères
30%
Chansons pour les pieds 4 La Pluie
30%
Fredericks Goldman Jones 2 Vivre cent vies
30%
Rouge 11 Elle avait 17 ans
29%
Entre gris clair et gris foncé 8 Fais des bébés
29%
Entre gris clair et gris foncé 7 Des bouts de moi
28%
Entre gris clair et gris foncé 19 Il me restera
28%
Positif 6 Je chante pour ça
28%
En passant 4 Quand tu danses
28%
Rouge 3 Que disent les chansons du monde ?
28%
Jean-Jacques Goldman (démodé) 2 Sans un mot
28%
Fredericks Goldman Jones 10 Tu manques
28%
Entre gris clair et gris foncé 20 Appartenir
27%
Rouge 12 Fermer les yeux
27%
Non homologué 5 Parler d'ma vie
27%
Positif 3 Plus fort
27%
Jean-Jacques Goldman (démodé) 9 Quel exil
27%
Entre gris clair et gris foncé 13 Quelque part, quelqu'un
27%
Entre gris clair et gris foncé 16 Reprendre c'est voler
27%
Chansons pour les pieds 9 The Quo's in Town Tonite
27%
Rouge 1 Serre-moi
26%
Chansons pour les pieds 6 Un goût sur tes lèvres
26%
Rouge 7 Des vôtres
25%
Jean-Jacques Goldman (démodé) 11 Juste un petit moment
25%
Rouge 2 On n'a pas changé
25%
Entre gris clair et gris foncé 14 Qu'elle soit elle
25%
Jean-Jacques Goldman (Minoritaire) 9 Si tu m'emmènes
25%
Fredericks Goldman Jones 6 Je l'aime aussi
24%
Jean-Jacques Goldman (démodé) 6 J't'aimerai quand même
24%
Rouge 10 Ne lui dis pas
24%
Jean-Jacques Goldman (démodé) 7 Autre histoire
23%
Fredericks Goldman Jones 7 Chanson d'amour (...!)
23%
Rouge 4 Il part
23%
En passant 6 Juste quelques hommes
23%
Jean-Jacques Goldman (Minoritaire) 3 Toutes mes chaînes
23%
Chansons pour les pieds 7 Si je t'avais pas
21%
Aucun quiz correspondant
Distribution des résultats
% des personnes avec chaque résultat
Percentile par nombre de réponses
Votre historique - résultats
Vous n’avez pas pris ce quiz